[Event "ch-USA w 2025"]
[Site "Saint Louis USA"]
[Date "2025.10.15"]
[Round "4.3"]
[White "Sargsyan, Anna M."]
[Black "Paragua, Megan Althea"]
[Result "1-0"]
[WhiteTitle "IM"]
[BlackTitle "FM"]
[WhiteElo "2369"]
[BlackElo "2259"]
[WhiteFideId "13308130"]
[BlackFideId "30973007"]
[EventDate "2025.10.12"]

1. e4 c5 2. Nf3 a6 3. g3 d6 4. Bg2 Nf6 5. d3 e6 6. O-O Be7 7. e5 dxe5 8. Nxe5
O-O 9. Nd2 Nd5 10. a4 Bd6 11. Nec4 Bc7 12. a5 Bd7 13. Ne4 Qe7 14. b3 Bb5 15. Ba3
Nd7 16. d4 Rfd8 17. Re1 Bc6 18. Nxc5 Nxc5 19. Bxc5 Qf6 20. Qh5 g6 21. Qh6 Qg7
22. Qc1 h5 23. Nd2 h4 24. Ne4 hxg3 25. hxg3 Rd7 26. c3 Ne7 27. Qg5 Nd5 28. c4
Bd8 29. Qe5 Nf6 30. Ng5 Bc7 31. Qe2 Qh6 32. Bxc6 bxc6 33. Ne4 Bd8 34. Kg2 Nxe4
35. Qxe4 Rc8 36. b4 Be7 37. Bxe7 Rxe7 38. Rh1 Qg5 39. Rh4 Rec7 40. Rah1 Kf8 41.
Rf4 Kg8 42. Rhh4 Kg7 43. Qe3 Qe7 44. Qe5+ f6 45. Rxf6 Qxf6 46. Rh7+ Kxh7 47.
Qxf6 Rb8 48. Qe5 Rbb7 49. Qd6 Kh6 50. f4 Kh7 51. Kh3 Rd7 52. Qxc6 Rdc7 53. Qxe6
Rxb4 54. f5 Rbxc4 55. Qxg6+ Kh8 56. Qxa6 Rh7+ 57. Kg2 Rc2+ 58. Kf3 Rc3+ 59. Kf4
Rg7 60. g4 Rh3 61. f6 Rf7 62. g5 Rh4+ 63. Kf5 1-0

[Event "ch-USA w 2025"]
[Site "Saint Louis USA"]
[Date "2025.10.15"]
[Round "4.4"]
[White "Lee, Alice"]
[Black "Yip, Carissa"]
[Result "1/2-1/2"]
[WhiteTitle "IM"]
[BlackTitle "IM"]
[WhiteElo "2409"]
[BlackElo "2452"]
[WhiteFideId "30941822"]
[BlackFideId "2090732"]
[EventDate "2025.10.12"]

1. d4 Nf6 2. c4 g6 3. g3 Bg7 4. Bg2 O-O 5. Nc3 d6 6. Nf3 c6 7. O-O Bf5 8. Ne1 e5
9. d5 cxd5 10. Nxd5 Nxd5 11. Bxd5 Nc6 12. Nc2 Rc8 13. b3 e4 14. Rb1 Ne7 15. Ne3
Bh3 16. Re1 Nxd5 17. Qxd5 Re8 18. Bb2 Bxb2 19. Rxb2 Rc6 20. Rd2 a6 21. Qd4 Be6
22. Red1 Qc8 23. Qf6 b5 24. Rxd6 Rxd6 25. Rxd6 bxc4 26. bxc4 h5 27. h4 Qb8 28.
Rd2 Qb1+ 29. Kh2 Qe1 30. Rb2 Bf5 31. Ng2 Qxf2 32. e3 Qf1 33. c5 Qc4 34. Qd4 Qc1
35. Nf4 Rc8 36. Nd5 Qxc5 37. Qe5 Be6 38. Nf6+ Kf8 39. Nh7+ Kg8 40. Nf6+ Kf8 41.
Nh7+ Kg8 42. Nf6+ Kf8 43. Nh7+ 1/2-1/2

[Event "ch-USA w 2025"]
[Site "Saint Louis USA"]
[Date "2025.10.15"]
[Round "4.5"]
[White "Zatonskih, Anna"]
[Black "Paikidze, Nazi"]
[Result "1-0"]
[WhiteTitle "IM"]
[BlackTitle "IM"]
[WhiteElo "2310"]
[BlackElo "2297"]
[WhiteFideId "14101572"]
[BlackFideId "13603620"]
[EventDate "2025.10.12"]

1. d4 Nf6 2. c4 e6 3. Nc3 Bb4 4. Qc2 d6 5. Bd2 O-O 6. a3 Bxc3 7. Bxc3 Qe7 8. Nf3
Nbd7 9. e3 b6 10. Be2 Bb7 11. O-O Ne4 12. Nd2 Nxc3 13. Qxc3 f5 14. b4 e5 15.
dxe5 Nxe5 16. c5 f4 17. exf4 Rxf4 18. cxd6 Qxd6 19. Rac1 Raf8 20. f3 Rh4 21. g3
Rh3 22. Rf2 Kh8 23. Nc4 Nxc4 24. Qxc4 c6 25. Rd1 Qe7 26. Qe4 Qf7 27. Bc4 Qf6 28.
Rd7 Bc8 29. Rxa7 b5 30. Bf1 Rh6 31. Rd2 Kg8 32. f4 Bg4 33. Qd4 Re8 34. Qxf6 Rxf6
35. Bg2 h5 36. Rc7 h4 37. Bxc6 Re3 38. Bd5+ Kh7 39. Kf2 Rxa3 40. Be4+ Kh6 41.
Rd8 Bf5 42. Bxf5 Rxf5 43. Rh8+ Kg6 44. Rxh4 Rd5 45. Kg2 Kf6 46. Rh7 Ra2+ 47. Kh3
Rb2 48. Rcxg7 Rxb4 49. Kg4 Rd8 50. h4 Rb1 51. Re7 Rf8 52. Kh5 Rf1 53. g4 Rxf4
54. g5+ Kf5 55. Rhf7+ 1-0

[Event "ch-USA w 2025"]
[Site "Saint Louis USA"]
[Date "2025.10.15"]
[Round "4.6"]
[White "Abrahamyan, Tatev"]
[Black "Cervantes Landeiro, Thalia"]
[Result "1-0"]
[WhiteTitle "IM"]
[BlackTitle "FM"]
[WhiteElo "2407"]
[BlackElo "2311"]
[WhiteFideId "13301918"]
[BlackFideId "3520498"]
[EventDate "2025.10.12"]

1. e4 c5 2. Nf3 Nc6 3. Bb5 g6 4. O-O Bg7 5. Re1 e5 6. Bxc6 dxc6 7. d3 Qe7 8. a4
Nf6 9. a5 O-O 10. h3 Ne8 11. Nbd2 Nc7 12. Nc4 f6 13. Be3 Be6 14. Nfd2 Rad8 15.
Qb1 f5 16. exf5 gxf5 17. f3 Nd5 18. Qc1 Nxe3 19. Nxe3 Bh6 20. Re2 c4 21. Ndxc4
e4 22. fxe4 f4 23. Ng4 Bxg4 24. hxg4 f3 25. Qxh6 fxe2 26. Qe3 Qh4 27. Qxe2 Rf6
28. Ne3 Rh6 29. Nf5 Qh2+ 30. Kf2 Qf4+ 31. Qf3 Qxf3+ 32. Kxf3 Re6 33. d4 Rde8 34.
e5 Rd8 35. Ke4 Kf7 36. Rh1 Rh8 37. c4 Rg6 38. Kf4 h5 39. g5 Ke6 40. d5+ cxd5 41.
cxd5+ Kd7 42. e6+ Kc7 43. d6+ Kd8 44. e7+ Kd7 45. Rc1 Rxd6 46. Nxd6 Kxd6 47. Re1
Re8 48. g6 Rxe7 49. Rxe7 Kxe7 50. Kg5 Kf8 51. Kxh5 Kg7 52. Kg5 Kg8 53. Kh6 Kh8
54. g7+ Kg8 55. g3 b6 56. axb6 axb6 57. b3 1-0

[Event "ch-USA w 2025"]
[Site "Saint Louis USA"]
[Date "2025.10.17"]
[Round "5.1"]
[White "Cervantes Landeiro, Thalia"]
[Black "Zatonskih, Anna"]
[Result "1/2-1/2"]
[WhiteTitle "FM"]
[BlackTitle "IM"]
[WhiteElo "2311"]
[BlackElo "2310"]
[WhiteFideId "3520498"]
[BlackFideId "14101572"]
[EventDate "2025.10.12"]

1. d4 d5 2. c4 e6 3. Nc3 Nf6 4. cxd5 exd5 5. Bg5 Be7 6. e3 c6 7. Bd3 O-O 8. Nge2
h6 9. Bh4 Ne8 10. Bg3 Nd6 11. Qc2 Re8 12. O-O Bf8 13. b4 Nd7 14. b5 Nb6 15. bxc6
bxc6 16. Na4 Nxa4 17. Qxa4 Bd7 18. Qc2 Rc8 19. Rab1 Qa5 20. Nc1 Ne4 21. Nb3 Qa4
22. Bxe4 dxe4 23. Rfc1 Be6 24. h3 Bd5 25. Ra1 Ba3 26. Nc5 Qa5 27. Rcb1 Bxc5 28.
dxc5 Re7 29. Bd6 Rd7 30. Rb2 Qa6 31. Rd1 Rcd8 32. Rd4 Rb7 33. a4 Rdd7 34. Rdb4
Rxb4 35. Rxb4 Rb7 36. Qb2 Rxb4 37. Qxb4 Kh7 38. Kh2 Qe2 39. Bg3 Qc4 40. Qa5 a6
41. Be5 Qe2 42. Qc3 f6 43. Bg3 Qd3 44. Qb4 Bb3 45. a5 Bc4 46. Qb7 Qd5 47. Bd6
Kg8 48. Qd7 Kh7 49. Qe8 Bb5 50. Bf8 Qf5 51. Qe7 Qg6 52. Kg1 Kg8 53. Qd8 Kh7 54.
Qd7 Kg8 55. Bd6 Kh7 56. Qe6 Kh8 57. Kh2 h5 58. g4 hxg4 59. hxg4 Qh6+ 60. Kg2 Qg6
61. Kg3 Be2 62. Bf4 Kh7 63. Bc7 Bf3 64. Qf5 Qxf5 65. gxf5 Kg8 66. Kf4 Kf7 67.
Bd6 Kg8 68. Bc7 1/2-1/2

[Event "ch-USA w 2025"]
[Site "Saint Louis USA"]
[Date "2025.10.17"]
[Round "5.2"]
[White "Paragua, Megan Althea"]
[Black "Krush, Irina"]
[Result "0-1"]
[WhiteTitle "FM"]
[BlackTitle "GM"]
[WhiteElo "2259"]
[BlackElo "2388"]
[WhiteFideId "30973007"]
[BlackFideId "2012782"]
[EventDate "2025.10.12"]

1. e4 c5 2. Nf3 e6 3. Nc3 a6 4. g3 b5 5. Bg2 Bb7 6. d3 d6 7. O-O Nf6 8. Re1 Nbd7
9. h3 Be7 10. Bf4 e5 11. Bd2 b4 12. Ne2 O-O 13. Nh4 a5 14. Nf5 Re8 15. g4 Bf8
16. Neg3 Kh8 17. g5 Ng8 18. h4 g6 19. Ne3 f6 20. Bh3 fxg5 21. hxg5 Nb6 22. Nc4
Nxc4 23. dxc4 h6 24. Qg4 Bc8 25. Qh4 Be7 26. Rad1 Kg7 27. Bxc8 hxg5 28. Qh2 Qxc8
29. Kg2 Nh6 30. Rh1 Rh8 31. Qh3 Qg8 32. b3 Qf7 33. Rdf1 Nf5 34. Nxf5+ gxf5 35.
Qxf5 Qxf5 36. exf5 Kf6 37. a4 Kxf5 38. Rxh8 Rxh8 39. Be3 g4 40. Rd1 Rh3 41. Rd2
Bf8 42. Rd1 Bh6 43. Bxh6 Rxh6 44. Kg3 Rh3+ 45. Kg2 Ke6 46. Rd2 Rc3 47. Kh2 e4
48. Kg2 Ke5 49. Kf1 g3 50. fxg3 Rxg3 51. Rd5+ Kf4 52. Rxd6 Kf3 53. Rd5 Rh3 54.
Rf5+ Ke3 55. Rxc5 Kd2 56. Rxa5 Rf3+ 57. Kg2 Kxc2 58. Re5 Kxb3 59. Rxe4 Rf6 60.
a5 Ka3 61. a6 Rxa6 62. Kf3 b3 63. Re5 b2 64. Rb5 Ra4 0-1

[Event "ch-USA w 2025"]
[Site "Saint Louis USA"]
[Date "2025.10.17"]
[Round "5.3"]
[White "Pourkashiyan, Atousa"]
[Black "Abrahamyan, Tatev"]
[Result "0-1"]
[WhiteTitle "WGM"]
[BlackTitle "IM"]
[WhiteElo "2291"]
[BlackElo "2407"]
[WhiteFideId "12502014"]
[BlackFideId "13301918"]
[EventDate "2025.10.12"]

1. e4 e6 2. d4 d5 3. Nd2 h6 4. Ngf3 Nf6 5. e5 Nfd7 6. Bd3 c5 7. c3 Nc6 8. O-O g5
9. Nb1 cxd4 10. cxd4 g4 11. Ne1 Nxd4 12. Qxg4 Nc6 13. f4 Nc5 14. Nc3 Qb6 15. Kh1
Bd7 16. Qd1 O-O-O 17. Bb1 Rg8 18. Nf3 Kb8 19. Bc2 d4 20. Na4 Nxa4 21. Bxa4 Qa6
22. Bc2 Nb4 23. Bh7 Rg7 24. Be4 Ba4 25. b3 Bxb3 26. Qe1 Nc2 27. Bxc2 Bxc2 28.
Bd2 Ba3 29. Bc1 Bc5 30. Bd2 Rdg8 31. Rf2 Qc6 32. g3 Be4 33. Kg2 h5 34. Rc1 h4
35. Rxc5 hxg3 36. Rxc6 gxf2+ 37. Kxf2 Rg2+ 0-1

[Event "ch-USA w 2025"]
[Site "Saint Louis USA"]
[Date "2025.10.17"]
[Round "5.4"]
[White "Yu, Jennifer"]
[Black "Atwell, Rose"]
[Result "1/2-1/2"]
[WhiteTitle "FM"]
[BlackTitle "FM"]
[WhiteElo "2256"]
[BlackElo "2353"]
[WhiteFideId "2078341"]
[BlackFideId "30951011"]
[EventDate "2025.10.12"]

1. d4 Nf6 2. c4 e6 3. Nf3 d5 4. Nc3 Be7 5. cxd5 exd5 6. Bf4 c6 7. h3 Bf5 8. e3
Nbd7 9. Qb3 Qb6 10. g4 Bg6 11. Be2 O-O 12. Nh4 Be4 13. f3 Nh5 14. gxh5 Bxh4+ 15.
Kd2 Bf5 16. Qxb6 axb6 17. e4 dxe4 18. fxe4 Be6 19. h6 g6 20. a4 f5 21. d5 Bf7
22. exf5 cxd5 23. b4 gxf5 24. Rhg1+ Kh8 25. Bb5 Nf6 26. Be5 Bg6 27. Raf1 Kg8 28.
Rf4 Rfe8 29. Bxe8 Rxe8 30. Rxf5 Kf7 31. Rf4 Rxe5 32. Rxh4 Ne4+ 33. Nxe4 dxe4 34.
Ke3 Rd5 35. Rf4+ Ke6 36. Rh4 Rd3+ 37. Ke2 Bf5 38. Rg7 Rd4 39. Rxb7 Rxb4 40. Rh5
Kf6 41. Rg7 Rxa4 42. Rg8 Ra2+ 43. Ke1 Ra1+ 44. Kd2 Ra2+ 45. Ke1 Ra1+ 46. Kd2
Ra2+ 47. Ke1 Ra1+ 1/2-1/2

[Event "ch-USA w 2025"]
[Site "Saint Louis USA"]
[Date "2025.10.17"]
[Round "5.5"]
[White "Yip, Carissa"]
[Black "Sargsyan, Anna M."]
[Result "1-0"]
[WhiteTitle "IM"]
[BlackTitle "IM"]
[WhiteElo "2452"]
[BlackElo "2369"]
[WhiteFideId "2090732"]
[BlackFideId "13308130"]
[EventDate "2025.10.12"]

1. e4 c5 2. Nf3 Nc6 3. d4 cxd4 4. Nxd4 e5 5. Nb5 d6 6. c4 f5 7. N1c3 a6 8. Bg5
Qd7 9. Na3 f4 10. Nd5 Qf7 11. f3 Be6 12. Bh4 Rc8 13. Bf2 Nf6 14. Be2 Be7 15. Qd2
O-O 16. Nxe7+ Qxe7 17. O-O g5 18. Rfd1 Rcd8 19. b4 g4 20. b5 g3 21. hxg3 fxg3
22. Qg5+ Kh8 23. Qxg3 Rg8 24. Qh2 Nb4 25. Bf1 Rdf8 26. c5 Bg4 27. cxd6 Qg7 28.
Bg3 Bxf3 29. Bxe5 Re8 30. Rd2 Qg5 31. Nc4 axb5 32. d7 Rd8 33. Rf2 bxc4 34. Rxf3
Rg6 35. Qf4 Qxf4 36. Rxf4 Kg7 37. Rd1 Nc6 38. Bc3 1-0

[Event "ch-USA w 2025"]
[Site "Saint Louis USA"]
[Date "2025.10.17"]
[Round "5.6"]
[White "Paikidze, Nazi"]
[Black "Lee, Alice"]
[Result "0-1"]
[WhiteTitle "IM"]
[BlackTitle "IM"]
[WhiteElo "2297"]
[BlackElo "2409"]
[WhiteFideId "13603620"]
[BlackFideId "30941822"]
[EventDate "2025.10.12"]

1. d4 d5 2. Nc3 Nf6 3. Bf4 e6 4. e3 a6 5. Qf3 c5 6. O-O-O Nc6 7. g4 b5 8. g5 b4
9. Nb1 Ne4 10. dxc5 Qa5 11. Bd3 b3 12. axb3 Nb4 13. Na3 Nxd3+ 14. Rxd3 Bxc5 15.
Ne2 Bb7 16. Be5 Bxa3 17. bxa3 d4 18. Qf4 Nc5 19. Rhd1 Nxd3+ 20. Rxd3 Qe1+ 21.
Kb2 Qxe2 22. Bxd4 O-O 23. Qe5 f6 24. Qxe6+ Rf7 25. g6 hxg6 26. Bc5 Qh5 0-1

[Event "ch-USA w 2025"]
[Site "Saint Louis USA"]
[Date "2025.10.18"]
[Round "6.1"]
[White "Krush, Irina"]
[Black "Yip, Carissa"]
[Result "0-1"]
[WhiteTitle "GM"]
[BlackTitle "IM"]
[WhiteElo "2388"]
[BlackElo "2452"]
[WhiteFideId "2012782"]
[BlackFideId "2090732"]
[EventDate "2025.10.12"]

1. c4 g6 2. d4 Bg7 3. e4 d6 4. Nc3 Nf6 5. Be2 O-O 6. Nf3 e5 7. d5 a5 8. h3 Na6
9. Bg5 Qe8 10. Nd2 Nd7 11. g4 Ndc5 12. Rg1 Kh8 13. Nf1 f5 14. Qd2 Nb4 15. Be3
Nxe4 16. Nxe4 fxe4 17. Ng3 Nd3+ 18. Bxd3 exd3 19. Qxd3 e4 20. Nxe4 Qe5 21. Rb1
Bd7 22. Ke2 Rae8 23. f3 Qh2+ 24. Nf2 Bh6 25. Qd4+ Kg8 26. g5 Bg7 27. Qh4 Bf5 28.
Rbd1 Qe5 29. Ne4 Bxe4 30. fxe4 Qxb2+ 31. Rd2 Qc3 32. e5 Qxe5 33. Rg3 Rf4 0-1

[Event "ch-USA w 2025"]
[Site "Saint Louis USA"]
[Date "2025.10.18"]
[Round "6.2"]
[White "Atwell, Rose"]
[Black "Abrahamyan, Tatev"]
[Result "1/2-1/2"]
[WhiteTitle "FM"]
[BlackTitle "IM"]
[WhiteElo "2353"]
[BlackElo "2407"]
[WhiteFideId "30951011"]
[BlackFideId "13301918"]
[EventDate "2025.10.12"]

1. e4 e6 2. d4 d5 3. e5 c5 4. c3 Nc6 5. Nf3 Bd7 6. Be2 Nge7 7. Na3 cxd4 8. cxd4
Nf5 9. Nc2 Nb4 10. Ne3 Rc8 11. O-O Nxe3 12. fxe3 Be7 13. a3 Nc6 14. b4 O-O 15.
Ne1 f6 16. exf6 Bxf6 17. Bb2 Ne7 18. Bd3 Bg5 19. Rxf8+ Qxf8 20. Qe2 Nf5 21. e4
dxe4 22. Bxe4 Bc6 23. Bxc6 Rxc6 24. b5 Rd6 25. Nf3 Bf6 26. Qe4 Qf7 27. g4 Nh4
28. Nxh4 Bxh4 29. Rf1 Qe7 30. Bc3 Rd8 31. Be1 Bf6 32. Bf2 Rd5 33. Re1 Rxb5 34.
Qxe6+ Qxe6 35. Rxe6 Kf7 36. Re3 Bxd4 37. Rf3+ Bf6 38. Bxa7 Kg6 39. Kg2 Be7 40.
Re3 Rb2+ 41. Kf3 Kf7 42. Ke4 Rxh2 43. Rb3 Rg2 44. Rxb7 Rxg4+ 45. Kf3 Rc4 46. a4
Ke6 47. a5 Ra4 48. Rb6+ Kd5 49. a6 Bf6 50. Bb8 Bd4 51. Rd6+ Kc4 52. Ke4 Kc5 53.
Rd5+ Kb6 54. Rxd4 Rxd4+ 55. Kxd4 Kxa6 56. Be5 Kb6 57. Bxg7 h6 58. Bxh6 1/2-1/2

[Event "ch-USA w 2025"]
[Site "Saint Louis USA"]
[Date "2025.10.18"]
[Round "6.3"]
[White "Lee, Alice"]
[Black "Cervantes Landeiro, Thalia"]
[Result "1/2-1/2"]
[WhiteTitle "IM"]
[BlackTitle "FM"]
[WhiteElo "2409"]
[BlackElo "2311"]
[WhiteFideId "30941822"]
[BlackFideId "3520498"]
[EventDate "2025.10.12"]

1. Nf3 Nf6 2. c4 c5 3. Nc3 d5 4. cxd5 Nxd5 5. e3 e6 6. Be2 Nc6 7. O-O Be7 8. d4
cxd4 9. Nxd4 Nxc3 10. bxc3 Bd7 11. Rb1 e5 12. Nxc6 Bxc6 13. Bb5 Qc7 14. Qd5 O-O
15. Bxc6 bxc6 16. Qc4 Rab8 17. Rb3 Rfd8 18. e4 h6 19. Be3 Bg5 20. Bc5 Qa5 21.
Rbb1 Bd2 22. Rb4 Rxb4 23. cxb4 Qa4 24. Qb3 Qxb3 25. axb3 Rb8 26. g3 Bxb4 27.
Bxa7 Rb7 28. Ra1 Bf8 29. Be3 Rxb3 30. Rc1 c5 31. Bxc5 Bxc5 32. Rxc5 f6 33. Kg2
Rb4 34. Kf3 h5 35. Rc3 Kh7 36. h4 Kg6 37. Ra3 Rc4 38. Re3 Rb4 39. Ra3 Rc4 40.
Re3 Rb4 41. Ra3 1/2-1/2

[Event "ch-USA w 2025"]
[Site "Saint Louis USA"]
[Date "2025.10.18"]
[Round "6.4"]
[White "Sargsyan, Anna M."]
[Black "Paikidze, Nazi"]
[Result "0-1"]
[WhiteTitle "IM"]
[BlackTitle "IM"]
[WhiteElo "2369"]
[BlackElo "2297"]
[WhiteFideId "13308130"]
[BlackFideId "13603620"]
[EventDate "2025.10.12"]

1. e4 c6 2. Nc3 d5 3. Nf3 Bg4 4. h3 Bxf3 5. Qxf3 e6 6. Be2 Nd7 7. O-O dxe4 8.
Nxe4 Ngf6 9. d4 Nxe4 10. Qxe4 Nf6 11. Qe3 Bd6 12. a4 a5 13. Bd3 O-O 14. Re1 Re8
15. Qf3 h6 16. Bd2 Bc7 17. Rad1 Qd5 18. Qe3 e5 19. Qg3 Nh5 20. Qg4 exd4 21. c4
Qd6 22. g3 Nf6 23. Qf3 Nd7 24. Bf4 Qf6 25. Qg4 Ne5 26. Bxe5 Rxe5 27. Rxe5 Qxe5
28. Qf3 Re8 29. Kg2 g6 30. Rd2 Qg5 31. Re2 Rxe2 32. Qxe2 h5 33. h4 Qd8 34. Qe4
Kg7 35. b3 Qd6 36. Qe8 Bd8 37. Qe4 Bf6 38. Qe1 Qa3 39. Qb1 Qc5 40. Qe1 Be5 41.
Qe2 Kf8 42. Qe1 Bf6 43. Qe2 Qb4 44. Bc2 Qc3 45. Qe4 Qd2 46. Bd3 Qb4 47. Bc2 Qc5
48. Bd3 Be5 49. Qe1 Bf6 50. Qe4 Qe7 51. Qf4 Qe5 52. Qd2 Be7 53. Qd1 Bb4 54. Qf3
Ke7 55. Bc2 f5 56. Qd1 Kd6 57. Kf1 Kc7 58. Qe2 Qd6 59. Bd3 Kb6 60. Qe8 Bc3 61.
Kg2 Kc5 62. Qf7 Kb6 63. Qe8 Bb4 64. Kf1 Qf6 65. Kg2 Be7 66. Qd7 Qd6 67. Qe8 Ka7
68. Qh8 Kb6 69. Qh6 Qf6 70. Qd2 Bd6 71. Qc2 Qe7 72. Qd1 Qe5 73. Kf1 Bb4 74. Qc1
Ka7 75. Qd1 Bc3 76. Qc1 Qe7 77. Bc2 Qd6 78. Qd1 Qa3 79. Kg2 Kb6 80. Qe2 Qc1 81.
Bd1 Qd2 82. Kf1 d3 83. Qxd2 Bxd2 84. f3 Kc5 85. g4 f4 0-1

[Event "ch-USA w 2025"]
[Site "Saint Louis USA"]
[Date "2025.10.18"]
[Round "6.5"]
[White "Yu, Jennifer"]
[Black "Paragua, Megan Althea"]
[Result "1-0"]
[WhiteTitle "FM"]
[BlackTitle "FM"]
[WhiteElo "2256"]
[BlackElo "2259"]
[WhiteFideId "2078341"]
[BlackFideId "30973007"]
[EventDate "2025.10.12"]

1. c4 e6 2. Nf3 Nf6 3. Nc3 d5 4. e3 Be7 5. b3 O-O 6. Bb2 b6 7. cxd5 exd5 8. d4
Bb7 9. Bd3 Nbd7 10. O-O Ne4 11. Ne5 Nxc3 12. Bxc3 Nf6 13. Bb2 c5 14. Rc1 Bd6 15.
dxc5 bxc5 16. Ng4 Nxg4 17. Qxg4 g6 18. Rfd1 Qe7 19. h4 h5 20. Qg5 Qxg5 21. hxg5
Be7 22. f4 Rac8 23. Kf2 Rfd8 24. Be2 Rc6 25. Be5 Re6 26. Bf3 a5 27. g4 Bxg5 28.
Rxc5 Bh4+ 29. Kg2 Bf6 30. Bxf6 Rxf6 31. gxh5 gxh5 32. Rxa5 Rg6+ 33. Kf2 Rc8 34.
Rd2 h4 35. Bxd5 Rd8 36. Bxf7+ Kxf7 37. Rxd8 Rg2+ 38. Ke1 Bf3 39. Rh8 Rh2 40.
Ra7+ Kg6 41. Rah7 Rxa2 42. Rxh4 Kf5 43. Rh2 Ra1+ 44. Kf2 Bd1 45. b4 Rb1 46. Rd8
Bc2 47. Rh5+ Kg6 48. Rc5 Be4 49. Rd6+ Kf7 50. Rc7+ Ke8 51. Rh6 Rb2+ 52. Kg3 Kd8
53. Ra7 Rg2+ 54. Kh4 Rg8 55. Re6 Bf3 56. e4 Rg4+ 57. Kh3 Rg1 58. Rf6 1-0

[Event "ch-USA w 2025"]
[Site "Saint Louis USA"]
[Date "2025.10.18"]
[Round "6.6"]
[White "Zatonskih, Anna"]
[Black "Pourkashiyan, Atousa"]
[Result "1-0"]
[WhiteTitle "IM"]
[BlackTitle "WGM"]
[WhiteElo "2310"]
[BlackElo "2291"]
[WhiteFideId "14101572"]
[BlackFideId "12502014"]
[EventDate "2025.10.12"]

1. d4 Nf6 2. c4 e6 3. Nc3 Bb4 4. Bd2 b6 5. e3 Bb7 6. Nf3 O-O 7. Bd3 d5 8. O-O
dxc4 9. Bxc4 Nbd7 10. Qe2 c5 11. Rfd1 Rc8 12. Bb3 cxd4 13. exd4 Bxc3 14. Bxc3
Bd5 15. Bc2 Qc7 16. Ne5 Qb7 17. f3 Nxe5 18. dxe5 Nd7 19. Rd4 Rfd8 20. Rad1 Qc7
21. f4 Nf8 22. Qd2 Re8 23. a3 Bc6 24. Qd3 Bb7 25. Rd2 a5 26. Rd6 Bd5 27. Bd4 Rb8
28. Qb5 Bc4 29. Qc6 Qxc6 30. Rxc6 b5 31. a4 Ng6 32. g3 Ne7 33. Rc5 Rec8 34. b3
Bd5 35. axb5 Kf8 36. b6 Nc6 37. Be3 Ke8 38. Bd1 Rb7 39. Be2 Rbb8 40. Ba6 Ne7 41.
Bxc8 Nxc8 42. Rxa5 Nxb6 43. Rb5 Nd7 44. Rxb8+ Nxb8 45. b4 Kd7 46. b5 Kc7 47.
Rc2+ Kb7 48. Rc3 Nd7 49. Bd4 f6 50. b6 Nxb6 51. Bxb6 Kxb6 52. exf6 gxf6 53. Rc8
h5 54. Kf2 Kb7 55. Rf8 f5 56. Rh8 Kc6 57. Rxh5 Kd6 58. Rh7 e5 59. fxe5+ Kxe5 60.
Ke3 Kf6 61. Kf4 Bc4 62. Rh6+ Kg7 63. Rd6 1-0

[Event "ch-USA w 2025"]
[Site "Saint Louis USA"]
[Date "2025.10.19"]
[Round "7.1"]
[White "Pourkashiyan, Atousa"]
[Black "Lee, Alice"]
[Result "0-1"]
[WhiteTitle "WGM"]
[BlackTitle "IM"]
[WhiteElo "2291"]
[BlackElo "2409"]
[WhiteFideId "12502014"]
[BlackFideId "30941822"]
[EventDate "2025.10.12"]

1. e4 c5 2. Nf3 Nc6 3. d4 cxd4 4. Nxd4 Nf6 5. Nc3 d6 6. Be2 e5 7. Nf3 Be7 8. O-O
O-O 9. Bg5 Be6 10. Bxf6 Bxf6 11. Nd5 Bxd5 12. Qxd5 Qb6 13. Qb3 Qc7 14. c3 g6 15.
Rad1 Rac8 16. Rfe1 Kg7 17. Nd2 Na5 18. Qd5 Bg5 19. b4 Bxd2 20. Rxd2 Nc4 21. Bxc4
Qxc4 22. Re3 Qxd5 23. Rxd5 Rfd8 24. Kf1 Kf6 25. Ke2 Ke6 26. Rb5 b6 27. a4 Rc6
28. a5 f5 29. exf5+ Kxf5 30. Rd3 Ke6 31. Rd2 d5 32. axb6 axb6 33. Ra2 e4 34. Ra7
Rxc3 35. Rxb6+ Ke5 36. Ra2 Kd4 37. Rd2+ Kc4 38. Rb7 Kb3 39. Rxh7 d4 40. Re7 d3+
41. Ke1 Rc1+ 42. Rd1 Rdc8 43. Ra7 R8c2 44. Rxc1 d2+ 0-1

[Event "ch-USA w 2025"]
[Site "Saint Louis USA"]
[Date "2025.10.19"]
[Round "7.2"]
[White "Yip, Carissa"]
[Black "Yu, Jennifer"]
[Result "1/2-1/2"]
[WhiteTitle "IM"]
[BlackTitle "FM"]
[WhiteElo "2452"]
[BlackElo "2256"]
[WhiteFideId "2090732"]
[BlackFideId "2078341"]
[EventDate "2025.10.12"]

1. e4 e5 2. Nf3 Nc6 3. d4 exd4 4. Nxd4 Nf6 5. Nxc6 bxc6 6. e5 Qe7 7. Qe2 Nd5 8.
h4 a5 9. c4 Ba6 10. g3 f6 11. e6 dxe6 12. Bg2 Qf7 13. O-O Bc5 14. Nc3 O-O 15.
Na4 Bd4 16. Qe4 e5 17. cxd5 f5 18. Qf3 Bxf1 19. Kxf1 Rad8 20. Bg5 Rxd5 21. Rc1
h6 22. Be3 e4 23. Qe2 Bxe3 24. Qxe3 Rd3 25. Qc5 Qxa2 26. Qxc6 Rfd8 27. Bh3 Qb3
28. Kg1 e3 29. Bf1 Rd1 30. Rxd1 Qxd1 31. fxe3 Qe1 32. Qc4+ Kh8 33. Qf4 Re8 34.
Nc3 Qxe3+ 35. Qxe3 Rxe3 36. Kf2 Re5 37. h5 Kg8 38. Bc4+ Kf8 39. Kf3 Ke7 40. Kf4
Rc5 41. Nd5+ Ke6 42. Ne3+ Kf6 43. Nd5+ Ke6 44. Ne3+ Kf6 45. Nd5+ Ke6 46. Ne3+
Kf6 1/2-1/2

[Event "ch-USA w 2025"]
[Site "Saint Louis USA"]
[Date "2025.10.19"]
[Round "7.3"]
[White "Paikidze, Nazi"]
[Black "Krush, Irina"]
[Result "1/2-1/2"]
[WhiteTitle "IM"]
[BlackTitle "GM"]
[WhiteElo "2297"]
[BlackElo "2388"]
[WhiteFideId "13603620"]
[BlackFideId "2012782"]
[EventDate "2025.10.12"]

1. d4 Nf6 2. c4 e6 3. Nc3 Bb4 4. Bd2 O-O 5. e3 d5 6. Nf3 b6 7. cxd5 exd5 8. Bd3
Bb7 9. O-O Bd6 10. Qc2 a6 11. Ne5 c5 12. f4 Nc6 13. a3 cxd4 14. Nxc6 Bxc6 15.
exd4 Qb8 16. Rae1 Qb7 17. Re2 Rae8 18. Rfe1 Rxe2 19. Rxe2 h6 20. Bf5 Re8 21.
Rxe8+ Bxe8 22. g3 Bc6 23. Nd1 a5 24. Ne3 Ne4 25. Bxe4 dxe4 26. Nc4 Bc7 27. b4 a4
28. Ne3 Bd8 29. Bc3 b5 30. d5 Bb6 31. Qe2 Bxd5 32. Kg2 Qd7 33. Qd2 Bc6 34. Qxd7
Bxd7 35. Nd5 Bd8 36. Bd4 Bc6 37. Nc3 f5 38. Kf2 g5 39. Ke3 Kf7 40. Ne2 Bd5 41.
Bc5 Bc4 42. Nd4 Kg6 43. Nc6 gxf4+ 44. gxf4 Bc7 45. Ne7+ Kf6 46. Nc6 Bd3 47. Nd4
Kg6 48. Ne6 Bb8 49. Nd4 Bc4 50. Nc6 Bc7 51. Ne7+ Kf6 52. Nc6 Be6 53. Bd4+ Kg6
54. Be5 Bxe5 55. fxe5 Kg5 56. Nd4 Bd5 57. Ne2 Bc4 58. Nf4 Bb3 59. Ne2 h5 60. Nf4
h4 61. h3 Bc4 62. Ng2 Bf7 63. Nf4 Bg8 64. Ne2 Bh7 65. Nf4 Bg6 66. Ne2 Be8 67.
Nf4 Bc6 68. Ne2 Bd5 69. Nf4 Bc4 70. Ng2 Be6 71. Nf4 Bf7 72. Ne2 Be8 73. Nf4 Bd7
74. Ne2 Be8 75. Nf4 Bd7 76. Ne2 1/2-1/2

[Event "ch-USA w 2025"]
[Site "Saint Louis USA"]
[Date "2025.10.19"]
[Round "7.4"]
[White "Abrahamyan, Tatev"]
[Black "Zatonskih, Anna"]
[Result "1/2-1/2"]
[WhiteTitle "IM"]
[BlackTitle "IM"]
[WhiteElo "2407"]
[BlackElo "2310"]
[WhiteFideId "13301918"]
[BlackFideId "14101572"]
[EventDate "2025.10.12"]

1. e4 e6 2. b3 d5 3. Bb2 Nc6 4. e5 d4 5. Nf3 a6 6. Bd3 Nge7 7. Qe2 Nb4 8. Nxd4
Nxd3+ 9. Qxd3 c5 10. Ne2 Qxd3 11. cxd3 Nc6 12. a3 b5 13. d4 Bb7 14. dxc5 Bxc5
15. d4 Bb6 16. a4 O-O 17. O-O Rad8 18. axb5 axb5 19. Na3 Nxd4 20. Nxd4 Bxd4 21.
Bxd4 Rxd4 22. Nxb5 Rb4 23. Nd6 Bd5 24. Rfc1 Bxb3 25. h3 Ra4 26. Rab1 Bd5 27. Rc7
f6 28. Re7 Rfa8 29. Kh2 fxe5 30. Rc1 R4a6 31. Rcc7 Rxd6 32. Rxg7+ Kh8 33. Rxh7+
Kg8 34. Rhg7+ Kh8 35. Rh7+ Kg8 36. Rhg7+ Kh8 37. Rh7+ Kg8 1/2-1/2